ბათუმის შოთა რუსთაველის სახელმწიფო უნივერსიტეტის ბიბლიოთეკა

თურქეთის ისტორია 1923–2000(რესპუბლიკის პერიოდი) (ბიბ.ჩანაწერი № 36548)

000 -LEADER
fixed length control field 00648nam a2200205Ia 4500
001 - CONTROL NUMBER
control field 2467
003 - CONTROL NUMBER IDENTIFIER
control field GE_BSU
008 - FIXED-LENGTH DATA ELEMENTS--GENERAL INFORMATION
fixed length control field 181216s||||||||xx |||||||||||||| ||und||
040 ## - CATALOGING SOURCE
Transcribing agency GE_BSU
080 ## - UNIVERSAL DECIMAL CLASSIFICATION NUMBER
Universal Decimal Classification number 94(560)(075.8)
100 ## - MAIN ENTRY--PERSONAL NAME
Personal name სვანიძე, მიხელ
245 ## - TITLE STATEMENT
Title თურქეთის ისტორია 1923–2000(რესპუბლიკის პერიოდი)
245 ## - TITLE STATEMENT
Statement of responsibility, etc. [რედ. გიული ალასანია]
260 ## - PUBLICATION, DISTRIBUTION, ETC.
Place of publication, distribution, etc. თბილისი
260 ## - PUBLICATION, DISTRIBUTION, ETC.
Date of publication, distribution, etc. 2005
300 ## - PHYSICAL DESCRIPTION
Extent 292 გვ.
653 ## - INDEX TERM--UNCONTROLLED
Uncontrolled term თურქეთის ისტორია
942 ## - ADDED ENTRY ELEMENTS (KOHA)
Koha item type წიგნი
ეგზემპლარები
Withdrawn status Lost status Damaged status Not for loan Date acquired Barcode Date last seen Price effective from Koha item type Public note
        2018-12-17 1248 2018-12-17 2018-12-17 წიგნი დარბაზი